| 000 | 00344 a2200157 4500 | ||
|---|---|---|---|
| 001 | 70316 | ||
| 020 | _a8598553093 | ||
| 040 | _cAnchieta - Itaigara | ||
| 100 | _aCedraz, Antônio | ||
| 240 | 1 | 0 |
_aA Turma do Xaxado _lpor |
| 245 | 1 | 0 | _aA Turma do Xaxado |
| 300 | _a31 | ||
| 362 | 0 | _a2006 | |
| 650 | 4 | _aLiteratura infanto-juvenil | |
| 942 | _cBK | ||
| 999 |
_c70316 _d70316 |
||